Normal view
MARC view
Entry Topical Term
001 - CONTROL NUMBER
- control field: 1154
003 - CONTROL NUMBER IDENTIFIER
- control field: dpl
005 - DATE AND TIME OF LATEST TRANSACTION
- control field: 20100724111127.0
008 - FIXED-LENGTH DATA ELEMENTS
- fixed length control field: 100724|||a|||||| | ||| d
040 ## - CATALOGING SOURCE
- Original cataloging agency: dpl
- Transcribing agency: dpl
150 ## - HEADING--TOPICAL TERM
- Topical term or geographic name as entry element: Hindi Drama
670 ## - SOURCE DATA FOUND
- Source citation: Work cat.: (dpl): कालिदास 1152, विक्रमोर्वशी और मालविकाग्निमित्र /, 2009
670 ## - SOURCE DATA FOUND
- Source citation: Work cat.: (dpl): कालिदास 1152, विक्रमोर्वशी और मालविकाग्निमित्र /, 2009
